[Event "Harplinge Mini Open"]
[Site "Tylosand"]
[Date "2016.05.07"]
[Round "7.5"]
[White "Filipsson, Marcus"]
[Black "Carlsson, Isak"]
[Result "1-0"]
[WhiteElo "1350"]
[BlackElo "1442"]

1.e4 c5 2.Nf3 Nc6 3.Bc4 g6 4.Ng5 e6 5.d3 h6 6.Nf3 Bg7 7.Nc3 Nge7 8.Nb5 d5 
9.exd5 exd5 10.Bb3 Qa5+ 11.Bd2 Qxb5 12.a4 Qb6 13.a5 Qc7 14.O-O O-O 15.Qc1 
Kh7 16.Re1 Be6 17.Bf4 Qd7 18.Ba4 a6 19.Rb1 b5 20.axb6 g5 21.Ne5 Bxe5 22.
Bxe5 Qb7 23.h4 Nxe5 24.Rxe5 Ng6 25.Rxg5 Kg7 26.Rh5 Rh8 27.c4 dxc4 28.Qc3+ 
f6 29.Re1 Nf4 30.f3 Nxh5 31.Rxe6 Kf7 32.Rc6 Rac8 33.Qxc4+ Kg6 34.Qe4+ Kg7 
35.Qg4+ Kf8 36.Rxc8+ 1-0

[Event "Harplinge Mini Open"]
[Site "Tylosand"]
[Date "2016.05.07"]
[Round "7.6"]
[White "Norrman, Johannes"]
[Black "Falkevall, Martin"]
[Result "1-0"]
[WhiteElo "1561"]
[BlackElo "1412"]

1.e4 e6 2.d4 d5 3.e5 c5 4.c3 Nc6 5.Nf3 Nge7 6.Bd3 Nf5 7.Bxf5 exf5 8.O-O 
Be7 9.Be3 Qb6 10.Qc2 O-O 11.Nbd2 f6 12.exf6 Bxf6 13.dxc5 Qc7 14.Nb3 Ne5 
15.Nxe5 Bxe5 16.h3 f4 17.Bd4 Bf5 18.Qd2 f3 19.Bxe5 Qxe5 20.Rfe1 Qf6 21.
Qxd5+ Kh8 22.Qxf3 Rac8 23.g4 Qg6 24.Qg3 Bd7 25.Qd6 Qf7 26.f4 Rce8 27.Nd4 
Qxf4 28.Qxf4 Rxf4 29.Rxe8+ Bxe8 30.Rf1 1-0

[Event "Deltalift Open"]
[Site "Tylosand"]
[Date "2016.05.07"]
[Round "7.1"]
[White "Brynell, Stellan"]
[Black "Hector, Jonny"]
[Result "1/2-1/2"]
[WhiteElo "2445"]
[BlackElo "2512"]

1.Nf3 d5 2.b3 Bg4 3.e3 Nd7 4.Bb2 e6 5.h3 Bh5 6.d3 a5 7.a4 Bb4+ 8.Nbd2 Ngf6
9.Be2 O-O 10.O-O h6 11.Ne5 Bxe2 12.Qxe2 Nxe5 13.Bxe5 Nd7 14.Bb2 e5 15.e4 
dxe4 16.dxe4 Ra6 17.Rad1 Re8 18.Nc4 Qc8 19.Rd5 Rg6 20.Qf3 c6 21.Rxd7 Qxd7 
22.Nxe5 Qe6 23.Nxg6 Qxg6 24.c3 Bd6 25.Rd1 Rxe4 26.c4 Qe6 27.Bc3 Bb4 28.
Bxb4 axb4 29.g3 Re1+ 1/2-1/2

[Event "Deltalift Open"]
[Site "Tylosand"]
[Date "2016.05.07"]
[Round "7.2"]
[White "Tikkanen, Hans"]
[Black "Wahlstrom, Lennarth"]
[Result "1-0"]
[WhiteElo "2525"]
[BlackElo "2153"]

1.d4 d5 2.c4 e6 3.Nc3 c5 4.cxd5 exd5 5.Nf3 Nc6 6.g3 Nf6 7.Bg2 Bg4 8.Bg5 
Bxf3 9.Bxf3 Nxd4 10.Bg2 Be7 11.O-O O-O 12.Bxf6 Bxf6 13.Nxd5 Re8 14.e3 Nc6 
15.Qb3 Rb8 16.Rfd1 Na5 17.Qb5 b6 18.Rd2 Re6 19.Rad1 Qf8 20.Nxf6+ gxf6 21.
Rd7 Qe8 22.Qa4 c4 23.b4 cxb3 24.axb3 Kh8 25.Rxa7 Qxa4 26.bxa4 Nc4 27.Rxf7 
Ne5 28.Rc7 Rbe8 29.Bh3 R6e7 30.Rxe7 Rxe7 31.Rd6 Rc7 32.Rxf6 Rc1+ 33.Bf1 
Rb1 34.Kg2 1-0

[Event "Deltalift Open"]
[Site "Tylosand"]
[Date "2016.05.07"]
[Round "7.3"]
[White "Holm, Kristian Stuvik"]
[Black "Johansson, Linus"]
[Result "1-0"]
[WhiteElo "2418"]
[BlackElo "2427"]

1.d4 e6 2.c4 Nf6 3.Nf3 c5 4.d5 d6 5.Nc3 exd5 6.cxd5 g6 7.Nd2 Bg7 8.e4 O-O 
9.Be2 Re8 10.O-O Nbd7 11.f4 c4 12.Kh1 Nc5 13.e5 dxe5 14.fxe5 Rxe5 15.Nxc4 
Rf5 16.Bf4 Nh5 17.Be3 Bxc3 18.Rxf5 Bxf5 19.bxc3 Ne4 20.Bxh5 gxh5 21.Qxh5 
Bg6 22.Qe5 b5 23.Bd4 f6 24.Qe6+ Kg7 25.Ne3 Qe8 26.Nf5+ Bxf5 27.Qxf5 a6 28.
Rf1 Qg6 29.Qd7+ Qf7 30.Qg4+ Qg6 31.Qd7+ Qf7 32.Qc6 Re8 33.Kg1 Kg8 34.d6 
Qe6 35.Re1 Kf8 36.Bc5 Kg7 37.Qxe4 Qxe4 38.Rxe4 Rxe4 39.d7 Re1+ 40.Kf2 Rd1 
41.Bd4 1-0

[Event "Deltalift Open"]
[Site "Tylosand"]
[Date "2016.05.07"]
[Round "7.4"]
[White "Svorono, Gabriel"]
[Black "Lindgren, Philip"]
[Result "0-1"]
[WhiteElo "2038"]
[BlackElo "2406"]

1.e4 c6 2.d4 d5 3.exd5 cxd5 4.Bd3 Nc6 5.c3 Qc7 6.Nf3 Bg4 7.O-O e6 8.Re1 
Bd6 9.h3 Bh5 10.b4 Nf6 11.Bg5 a5 12.b5 Ne7 13.Qe2 h6 14.Bd2 Rc8 15.Qe3 Bg6
16.Bxg6 Nxg6 17.Ne5 Bxe5 18.dxe5 Ne4 19.f3 Nxd2 20.Qxd2 Qc5+ 21.Qd4 Qxd4+ 
22.cxd4 Rc2 23.Rd1 Nf4 24.Na3 Rxg2+ 25.Kh1 Rg3 0-1

[Event "Deltalift Open"]
[Site "Tylosand"]
[Date "2016.05.07"]
[Round "7.5"]
[White "Arnelind, Mikael"]
[Black "Karlsson, Lars"]
[Result "1/2-1/2"]
[WhiteElo "2194"]
[BlackElo "2441"]

1.d4 g6 2.c4 Bg7 3.Nc3 d6 4.e4 Nc6 5.Be3 e5 6.d5 Nd4 7.Nge2 Nxe2 8.Bxe2 f5
9.exf5 gxf5 10.Bh5+ Kf8 11.f4 e4 12.c5 Nf6 13.O-O Nxh5 14.Qxh5 Bd7 15.Rfd1
Qe8 16.Qe2 h5 17.cxd6 cxd6 18.Bd4 Rg8 19.Qe3 Qg6 20.Rd2 Bxd4 21.Qxd4 Ke7 
22.Nd1 Rgc8 23.Ne3 Qf6 24.Qxf6+ Kxf6 25.Rc2 Rxc2 26.Nxc2 Rc8 1/2-1/2

[Event "Deltalift Open"]
[Site "Tylosand"]
[Date "2016.05.07"]
[Round "7.6"]
[White "Jepson, Christian"]
[Black "Karlsson, Jorgen"]
[Result "1-0"]
[WhiteElo "2440"]
[BlackElo "2170"]

1.d4 Nf6 2.c4 e6 3.Nc3 a6 4.Nf3 c5 5.g3 Nc6 6.d5 Na5 7.e4 d6 8.Bg2 Be7 9.
b3 exd5 10.cxd5 Nd7 11.Bf4 g5 12.Be3 Bf6 13.Rc1 b5 14.h3 Nb7 15.Qd2 h6 16.
O-O Qe7 17.Rfe1 O-O 18.Nh2 Bg7 19.f4 f6 20.Bf2 Nd8 21.a3 Nf7 22.b4 Bb7 23.
Ng4 Rfc8 24.Ne3 Nb6 25.Bf1 Qd7 26.Be2 cxb4 27.axb4 Qd8 28.Nf5 Nc4 29.Qd3 
Rc7 30.Nd4 Qe8 31.Ne6 Re7 32.Bg4 Bc8 33.Ne2 h5 34.Bf5 Nh6 35.Bd4 g4 36.h4 
Nxf5 37.exf5 Bb7 38.Nc3 Kf7 39.Re2 Qd7 40.Rce1 Rae8 41.Kf2 Kg8 42.Re4 Bh8 
43.R1e2 Qc8 44.Kg1 Qd7 45.Qb1 Qc8 46.Qe1 Qb8 47.Kf2 Qc8 48.Kg1 Rf7 49.Nc5 
Rxe4 50.Rxe4 Qxf5 51.Re8+ Kg7 52.Ne6+ Kh7 53.Ng5+ fxg5 54.Rxh8+ Kg6 55.
Rg8+ Kh7 56.Rh8+ Kg6 57.Qe8 Ne5 58.Rg8+ Kh7 59.Rh8+ Kg6 60.Bxe5 dxe5 61.
Rg8+ Kh6 62.hxg5+ Kh7 63.Rh8+ Kg6 64.Rh6+ Kg7 65.Qh8# 1-0

[Event "Deltalift Open"]
[Site "Tylosand"]
[Date "2016.05.07"]
[Round "7.7"]
[White "Ivarsson, Torbjorn"]
[Black "Aaberg, Anton"]
[Result "0-1"]
[WhiteElo "2185"]
[BlackElo "2365"]

1.e4 e6 2.d4 d5 3.exd5 exd5 4.Bd3 Nc6 5.c3 Bd6 6.Nf3 Bg4 7.h3 Bh5 8.Be3 
Nge7 9.Nbd2 Bg6 10.Qc2 Qd7 11.O-O-O Nf5 12.Rde1 O-O-O 13.Re2 Rde8 14.Rhe1 
Re7 15.Kd1 Rhe8 16.Nf1 Nd8 17.Bg5 Rxe2 18.Rxe2 Rxe2 19.Kxe2 Ne6 20.Ne3 
Nxe3 21.Bxe3 Qe8 22.Kf1 a6 23.Bxg6 hxg6 24.Qe2 Qa4 25.a3 Kb8 26.Ng5 Nxg5 
27.Bxg5 Ka7 28.Ke1 Qb3 29.Bc1 Kb6 30.g3 a5 31.Qd1 a4 32.Qd3 Qb5 33.Ke2 Qd7
34.h4 Qg4+ 35.Kf1 f5 36.c4 dxc4 37.Qxc4 Qd1+ 38.Kg2 Qb3 39.Qe2 Qb5 40.Qe6 
Qc6+ 0-1

[Event "Deltalift Open"]
[Site "Tylosand"]
[Date "2016.05.07"]
[Round "7.8"]
[White "Kockum, Anton Frisk"]
[Black "Horbing, Stefan"]
[Result "1-0"]
[WhiteElo "2382"]
[BlackElo "2072"]

1.d4 Nf6 2.c4 g6 3.Nc3 d5 4.cxd5 Nxd5 5.Bd2 Nb6 6.e3 Bg7 7.f4 O-O 8.Nf3 c5
9.dxc5 N6d7 10.Na4 e5 11.Bc4 Qe7 12.O-O exf4 13.Qb3 Nc6 14.exf4 Nxc5 15.
Nxc5 Qxc5+ 16.Be3 Nd4 17.Nxd4 Bxd4 18.Bxd4 Qxd4+ 19.Kh1 Bg4 20.h3 Bf5 21.
Rad1 Qc5 22.Rd5 Qc6 23.Re5 Rab8 24.Re7 Qf6 25.Rxb7 Rxb7 26.Qxb7 Qd4 27.Bb3
Be4 28.Qe7 Qd3 29.Kg1 Qe3+ 30.Kh2 Qe2 31.Rg1 Qe3 32.Qe5 Qd3 33.Re1 Bf5 34.
Qf6 Qd2 35.Bxf7+ 1-0

[Event "Deltalift Open"]
[Site "Tylosand"]
[Date "2016.05.07"]
[Round "7.9"]
[White "Welin, Mats"]
[Black "Blomstrom, Lars"]
[Result "1-0"]
[WhiteElo "2338"]
[BlackElo "2145"]

1.e4 c5 2.Nf3 d6 3.d4 cxd4 4.Nxd4 Nf6 5.Nc3 a6 6.Be2 e6 7.O-O Be7 8.f4 Qc7
9.Be3 O-O 10.g4 Nc6 11.g5 Nxd4 12.Qxd4 Nd7 13.f5 Ne5 14.f6 Bd8 15.a4 Bd7 
16.Kh1 Rc8 17.Rad1 Bc6 18.Bf4 Qb8 19.fxg7 Kxg7 20.Qf2 Be7 21.Qh4 Ng6 22.
Qh6+ Kg8 23.Rd3 f5 24.gxf6 Rxf6 25.Rh3 Nxf4 26.Qxh7+ Kf8 27.Rxf4 Rxf4 28.
Qh8+ Kf7 29.Bh5# 1-0

[Event "Deltalift Open"]
[Site "Tylosand"]
[Date "2016.05.07"]
[Round "7.10"]
[White "Segerberg, Tomas"]
[Black "Malekian, Babak"]
[Result "0-1"]
[WhiteElo "2099"]
[BlackElo "2275"]

1.d4 b6 2.c4 Bb7 3.Nc3 e6 4.a3 Nf6 5.d5 Na6 6.g3 Nc5 7.Bg2 a5 8.Nh3 a4 9.
O-O exd5 10.cxd5 d6 11.Nf4 Be7 12.Nd3 Nxd3 13.Qxd3 O-O 14.Be3 Ra5 15.Rfd1 
Nd7 16.Rab1 Re8 17.Qc2 Qa8 18.Bd4 Nc5 19.Bxc5 bxc5 20.e4 Bf6 21.Kh1 g6 22.
Rd2 Qa7 23.Re1 Bc8 24.Nd1 Rb5 25.f4 Bd4 26.Bf1 Rb8 27.Nc3 Bd7 28.Rde2 Qa5 
29.h3 f6 30.Kh2 Rb3 31.Nd1 Qb6 32.Rg2 Bb5 33.Bxb5 Qxb5 34.f5 gxf5 35.Ree2 
Qd3 36.exf5 Rxe2 37.Qxe2 Qxe2 38.Rxe2 Be5 39.Re3 Rxe3 40.Nxe3 Bxb2 41.Nc4 
Bc1 42.g4 Kf7 43.Kg3 Ke7 44.Kh4 Kd7 45.Kh5 c6 46.h4 cxd5 47.Nb6+ Ke7 48.
Nxd5+ Kf7 49.g5 fxg5 50.hxg5 Bxa3 51.g6+ hxg6+ 52.fxg6+ Kg7 53.Ne3 Bb2 0-1

[Event "Deltalift Open"]
[Site "Tylosand"]
[Date "2016.05.07"]
[Round "7.11"]
[White "Haugli, Petter"]
[Black "Andersson, Robert"]
[Result "1-0"]
[WhiteElo "2254"]
[BlackElo "2096"]

1.d4 Nf6 2.c4 g6 3.f3 d5 4.cxd5 Nxd5 5.e4 Nb6 6.Nc3 Bg7 7.Be3 Nc6 8.d5 Ne5
9.f4 Ng4 10.Bb5+ Kf8 11.Bd4 e5 12.fxe5 Nxe5 13.Nf3 Nxf3+ 14.gxf3 Bxd4 15.
Qxd4 Qh4+ 16.Ke2 Rg8 17.Qc5+ Qe7 18.Qxe7+ Kxe7 19.Rac1 a6 20.Bd3 Bd7 21.e5
c6 22.Be4 f5 23.exf6+ Kxf6 24.dxc6 bxc6 25.Rhd1 Ke7 26.Rd4 Rgd8 27.Na4 
Nxa4 28.Rxa4 c5 29.Ra5 Rab8 30.b3 Bb5+ 31.Ke3 Rdc8 32.a4 Be8 33.Bd5 Bf7 
34.Bxf7 Kxf7 35.Rc3 Rc6 36.Ke4 Ke6 37.Raxc5 Rxc5 38.Rxc5 Rxb3 39.Rc6+ Kf7 
40.Rxa6 Rb4+ 41.Ke5 Rh4 42.Ra7+ Kg8 43.a5 Rxh2 44.Kf6 h5 45.Kxg6 Kf8 46.a6
Rc2 47.Kxh5 Rc6 48.f4 Rb6 49.f5 Rc6 50.Kg5 Kg8 51.f6 Rc1 52.Ra8+ Kh7 53.f7
1-0

[Event "Deltalift Open"]
[Site "Tylosand"]
[Date "2016.05.07"]
[Round "7.12"]
[White "Ylonen, Anders"]
[Black "Nilsson, Anders"]
[Result "0-1"]
[WhiteElo "2104"]
[BlackElo "2224"]

1.e4 d6 2.d4 Nf6 3.Nc3 c6 4.Nf3 Bg4 5.Be2 e6 6.O-O d5 7.exd5 cxd5 8.Bf4 
Nc6 9.Nb5 Rc8 10.Ne5 Bxe2 11.Qxe2 a6 12.Nxc6 Rxc6 13.Nc3 Qb6 14.Rab1 Qxd4 
15.Be5 Qg4 16.Qe1 Be7 17.h3 Qf5 18.Qe2 O-O 19.g4 Qg6 20.Rbd1 Bd6 21.Bd4 
Nh5 22.Be3 Nf4 23.Bxf4 Bxf4 24.Rd3 Rfc8 25.Qf3 Qf6 26.Ne2 Be5 27.Qe3 Rxc2 
28.f4 Bxb2 29.Rb3 e5 30.f5 Bd4 31.Nxd4 exd4 32.Qf4 Qe7 33.f6 Qe2 34.Qg3 
R2c3 35.Rxc3 dxc3 36.Re1 Qc4 37.Qe5 Qc5+ 38.Kg2 c2 39.Qg5 Qf8 40.h4 h6 0-1

[Event "Deltalift Open"]
[Site "Tylosand"]
[Date "2016.05.07"]
[Round "7.13"]
[White "Persson, Anders"]
[Black "Reid, Gregor"]
[Result "0-1"]
[WhiteElo "2074"]
[BlackElo "2170"]

1.d4 Nf6 2.c4 g6 3.Nc3 Bg7 4.e4 O-O 5.Nf3 d6 6.h3 c5 7.d5 b5 8.cxb5 a6 9.
a4 Qa5 10.Nd2 Qb4 11.Qc2 Nbd7 12.a5 axb5 13.Bxb5 Rxa5 14.Rxa5 Qxa5 15.Nc4 
Qa7 16.O-O Ba6 17.Bd2 Bxb5 18.Nxb5 Qa6 19.Nba3 e6 20.Bf4 exd5 21.exd5 Nxd5
22.Bxd6 Re8 23.Bg3 Bd4 24.Qd3 N7f6 25.Nc2 Nb6 26.b3 Rd8 27.Kh1 Rd7 28.Qe2 
Nxc4 29.bxc4 Bc3 30.Ne3 Qe6 31.Qc2 Ne4 32.Nd5 Bd4 33.Bf4 Nxf2+ 34.Rxf2 
Qe1+ 35.Kh2 Bxf2 36.h4 Bxh4 37.Qb2 Bd8 38.Bg3 Qe6 39.Qb5 Rxd5 40.cxd5 Qxd5
41.Qe8+ Kg7 42.Qb5 h5 43.Bb8 Bf6 0-1

[Event "Deltalift Open"]
[Site "Tylosand"]
[Date "2016.05.07"]
[Round "7.14"]
[White "Holst, Conny"]
[Black "Mattsson, Michael"]
[Result "1/2-1/2"]
[WhiteElo "2160"]
[BlackElo "2005"]

1.d4 Nf6 2.c4 e6 3.Nc3 Bb4 4.e3 O-O 5.Bd3 d5 6.Ne2 b6 7.O-O Bb7 8.cxd5 
exd5 9.Ng3 Re8 10.f3 Nc6 11.a3 Bf8 12.b4 a6 13.Ra2 g6 14.Raf2 Bc8 15.e4 
Nxd4 16.exd5 Bg7 17.Bc4 c5 18.dxc6 Nxc6 19.Rd2 Qc7 20.Nd5 Nxd5 21.Bxd5 Be6
22.Rc2 Bxd5 23.Qxd5 Re6 24.Rd1 Rd8 25.Qxd8+ Qxd8 26.Rxd8+ Nxd8 27.Rc8 Rd6 
28.Ne4 Rd1+ 29.Kf2 Kf8 30.Ke2 Rd5 31.Bg5 Ke8 32.Bf6 Bf8 33.g4 h6 34.h4 Be7
35.Rc7 Rd7 36.Rc8 Rd5 37.Rc7 Rd7 38.Rc8 Rd5 1/2-1/2

[Event "Deltalift Open"]
[Site "Tylosand"]
[Date "2016.05.07"]
[Round "7.15"]
[White "Berglind, Axel"]
[Black "Lindborg, Patrik"]
[Result "1-0"]
[WhiteElo "1873"]
[BlackElo "2158"]

1.c4 e5 2.Nc3 Bb4 3.Nd5 Be7 4.d4 d6 5.g3 Nf6 6.Nxe7 Qxe7 7.Bg2 O-O 8.Nf3 
e4 9.Nd2 c6 10.f3 d5 11.fxe4 Nxe4 12.O-O Nxd2 13.Bxd2 dxc4 14.e4 Rd8 15.
Bc3 Nd7 16.Qh5 Nb6 17.a4 Bd7 18.a5 Nc8 19.Rae1 Be8 20.d5 b5 21.Qg4 Qf8 22.
b4 cxb3 23.e5 h5 24.Qd1 Qc5+ 25.Bd4 Qc4 26.Rf4 Rxd5 27.Bxd5 Qxd5 28.Qxh5 
Ne7 29.Rh4 Ng6 30.Qh7+ Kf8 31.e6 f6 32.Bxf6 gxf6 33.e7+ Nxe7 34.Qxe7+ Kg8 
35.Rg4+ Kh8 36.Qg7# 1-0

[Event "Deltalift Open"]
[Site "Tylosand"]
[Date "2016.05.07"]
[Round "7.16"]
[White "Lindhe, Magnus"]
[Black "Cordoba, Santiago Crueso"]
[Result "1-0"]
[WhiteElo "2215"]
[BlackElo "1989"]

1.d4 d5 2.Nf3 e6 3.Bg5 Nf6 4.Nbd2 h6 5.Bh4 Nbd7 6.e3 c5 7.c3 Bd6 8.Bd3 O-O
9.O-O Qb6 10.Rb1 e5 11.dxe5 Nxe5 12.Nxe5 Bxe5 13.f4 Bc7 14.c4 d4 15.e4 Ng4
16.e5 Ne3 17.Qf3 Bg4 18.Qg3 Bf5 19.Bf6 g6 20.Bxf5 Nxf5 21.Qh3 Bd8 22.Ne4 
Qc6 23.Rbe1 Bxf6 24.Nxf6+ Kg7 25.Rf3 Qe6 26.g4 Ne3 27.Qxh6+ 1-0

[Event "Deltalift Open"]
[Site "Tylosand"]
[Date "2016.05.07"]
[Round "7.17"]
[White "Wallin, Dennis"]
[Black "Nilsson, Patrik 1968"]
[Result "0-1"]
[WhiteElo "2184"]
[BlackElo "2015"]

1.b3 Nc6 2.Bb2 e5 3.e3 d6 4.d4 exd4 5.exd4 d5 6.Nf3 Nf6 7.Bb5 Bb4+ 8.c3 
Bd6 9.Qe2+ Kf8 10.Nbd2 Bg4 11.h3 Bh5 12.g4 Bg6 13.Ne5 Ne7 14.f4 c6 15.Bd3 
Bxd3 16.Qxd3 Ng6 17.Qe3 Nd7 18.O-O-O f6 19.Nd3 Qc7 20.Rdf1 Re8 21.Qf2 Ke7 
22.f5 Bg3 23.Qg1 Nf4 24.Nxf4 Bxf4 25.Qf2 Kd8 26.Qxf4 Re1+ 27.Kc2 Qxf4 28.
Rxf4 Rxh1 29.Rf3 h5 30.Rg3 hxg4 31.hxg4 R1h2 32.g5 Rf2 33.gxf6 Nxf6 34.
Rxg7 Rhh2 0-1

[Event "Deltalift Open"]
[Site "Tylosand"]
[Date "2016.05.07"]
[Round "7.18"]
[White "Nilsson, Patrik 1978"]
[Black "Kruuse, Peter"]
[Result "1-0"]
[WhiteElo "2155"]
[BlackElo "1913"]

1.e4 e6 2.d4 d5 3.Nc3 Bb4 4.e5 c5 5.a3 cxd4 6.axb4 dxc3 7.Qg4 Ne7 8.Nf3 
Nf5 9.Ra3 Nc6 10.b5 Nce7 11.Rxc3 Bd7 12.Qb4 h5 13.h3 Rc8 14.Rxc8 Qxc8 15.
Bd3 Qc7 16.O-O h4 17.Bg5 Rh5 18.Ra1 Rxg5 19.Nxg5 Qb6 20.Qa5 Qxa5 21.Rxa5 
Nc8 22.Nf3 Ke7 23.b3 f6 24.c4 b6 25.Ra4 g5 26.Ra1 dxc4 27.bxc4 Kf7 28.Rd1 
Nfe7 29.Be4 Be8 30.Rd8 1-0

[Event "Deltalift Open"]
[Site "Tylosand"]
[Date "2016.05.07"]
[Round "7.19"]
[White "Backman, Andreas"]
[Black "Andersson, Kjell-Ake"]
[Result "1-0"]
[WhiteElo "2149"]
[BlackElo "1946"]

1.e4 e6 2.d4 d5 3.Nd2 Nf6 4.e5 Nfd7 5.f4 c5 6.Ndf3 Nc6 7.c3 Qb6 8.g3 cxd4 
9.cxd4 Bb4+ 10.Kf2 O-O 11.Bh3 Qd8 12.Ne2 Nb6 13.Kg2 Bd7 14.g4 f6 15.Ng3 
fxe5 16.dxe5 Be7 17.b3 a5 18.f5 a4 19.Be3 axb3 20.axb3 Rxa1 21.Qxa1 Nb4 
22.Rc1 Nc6 23.Nh5 d4 24.Bxd4 Nxd4 25.Qxd4 Bc6 26.Qxd8 Rxd8 27.f6 gxf6 28.
Rxc6 bxc6 29.exf6 Bc5 30.g5 Rd1 31.Bxe6+ Kf8 32.Bf5 Kg8 33.Be6+ Kf8 34.Nf4
Be3 35.g6 1-0

[Event "Deltalift Open"]
[Site "Tylosand"]
[Date "2016.05.07"]
[Round "7.20"]
[White "Johansson, David"]
[Black "Andersson, Thorbjorn"]
[Result "1-0"]
[WhiteElo "2118"]
[BlackElo "1909"]

1.e4 c5 2.c3 e6 3.d4 cxd4 4.cxd4 d5 5.e5 Nc6 6.Nf3 Bb4+ 7.Nc3 Nge7 8.Bd3 
Bd7 9.O-O Ng6 10.a3 Bxc3 11.bxc3 Rc8 12.Bg5 Qc7 13.Rc1 Na5 14.Nd2 b5 15.
Qg4 Nc4 16.h4 h6 17.Be3 Nxe3 18.fxe3 O-O 19.Nb3 Ne7 20.Qe2 Nf5 21.Bxf5 
exf5 22.Nc5 Qd8 23.Qf2 Be6 24.Rb1 Qa5 25.Qb2 a6 26.g3 Rxc5 27.dxc5 Qc7 28.
Qb4 Qxe5 29.Kf2 Rc8 30.Rfc1 Qc7 31.Qd4 Qe7 32.a4 Rxc5 33.axb5 axb5 34.Qb4 
Qc7 35.Ra1 Rc4 36.Qxb5 Rg4 37.Ra8+ Kh7 38.Qb8 Qc5 39.h5 1-0

[Event "Deltalift Open"]
[Site "Tylosand"]
[Date "2016.05.07"]
[Round "7.22"]
[White "Morling, Joakim"]
[Black "Westergren, Bertil"]
[Result "1/2-1/2"]
[WhiteElo "2059"]
[BlackElo "1928"]

1.d4 d5 2.c4 c6 3.Nf3 Nf6 4.Nc3 e6 5.cxd5 exd5 6.Qc2 Be7 7.Bg5 O-O 8.e3 
Re8 9.Bd3 Nbd7 10.O-O Nf8 11.a3 Be6 12.b4 a6 13.Na4 N6d7 14.Bxe7 Qxe7 15.
Nc5 Rab8 16.a4 Rec8 17.Rfb1 g6 18.Rb3 Kg7 19.h3 Nxc5 20.bxc5 Ra8 21.Rab1 
Rc7 22.Qb2 Ra7 23.Kf1 Nd7 24.Qc2 Nf6 25.R1b2 Ne4 26.Nd2 f5 27.Nf3 Bc8 28.
Ne5 Qg5 29.Nf3 Qf6 30.h4 Qe7 31.g3 Nf6 32.Be2 Ra8 33.Qb1 Ne4 34.Ne5 Nf6 
35.Kg2 Nd7 36.Nd3 Nf6 37.Bf3 Qf7 38.Ne5 Qe7 39.Kf1 Nd7 40.Nd3 Nf6 41.Ke2 
Ne4 42.Ne5 Nf6 43.Bg2 Nh5 44.Kf1 Nf6 45.Kg1 Nh5 46.Kh2 Nf6 47.f3 Qe8 48.e4
dxe4 49.fxe4 fxe4 50.Bxe4 Re7 51.Bf3 Nd7 52.Nc4 Re1 53.Qd3 Nf6 54.Nd6 Qe6 
55.Nxc8 Rxc8 56.Rxb7+ Kf8 57.Re2 Rxe2+ 58.Qxe2 Qxe2+ 59.Bxe2 Rd8 60.Rb6 
Rxd4 61.Rxc6 Nd7 62.Rd6 Rxd6 63.cxd6 a5 64.Kg2 Kf7 65.Bc4+ Kf6 66.Bg8 h6 
67.Kf3 Nc5 68.Kf4 g5+ 69.hxg5+ hxg5+ 70.Kg4 Nxa4 71.d7 Ke7 72.Kxg5 Nc5 73.
d8=Q+ Kxd8 74.Kf5 Ke7 75.Bd5 Nd7 76.g4 Nf6 77.Bc6 Nxg4 1/2-1/2

[Event "Deltalift Open"]
[Site "Tylosand"]
[Date "2016.05.07"]
[Round "7.23"]
[White "Goransson, Martin"]
[Black "Pettersson, Kjell"]
[Result "1/2-1/2"]
[WhiteElo "1977"]
[BlackElo "2059"]

1.c4 e5 2.g3 Nc6 3.Nc3 g6 4.Bg2 Bg7 5.e4 d6 6.Nge2 Nh6 7.O-O O-O 8.d3 Be6 
9.Nd5 f5 10.f4 Qd7 11.Rb1 a5 12.b3 Ng4 13.h3 Nf6 14.Kh2 Nh5 15.a3 exf4 16.
Ndxf4 Nxf4 17.Nxf4 Be5 18.Nxe6 Qxe6 19.exf5 Qf6 20.Qg4 Qg7 21.fxg6 Qxg6 
22.Qxg6+ hxg6 23.Bh6 Bg7 24.Bd5+ Kh7 25.Bxg7 Kxg7 26.Rbe1 Kh6 27.Rxf8 Rxf8
28.Bxc6 bxc6 29.Kg2 Rb8 30.Rb1 c5 31.Kf3 c6 32.Ke3 Kg5 33.Kd2 Rh8 34.Rh1 
Rf8 35.Re1 Rf2+ 36.Re2 Rf3 37.Re3 Rf2+ 38.Kc3 Kf5 39.d4 Ra2 40.dxc5 dxc5 
41.g4+ Kf4 42.Re6 Rh2 43.Rxg6 Rxh3+ 44.Kc2 Rh2+ 45.Kd3 Rh3+ 1/2-1/2

[Event "Deltalift Open"]
[Site "Tylosand"]
[Date "2016.05.07"]
[Round "7.24"]
[White "Szumniak, Jedrzej"]
[Black "Stray, Gunnar"]
[Result "0-1"]
[WhiteElo "1945"]
[BlackElo "2047"]

1.d4 f5 2.c4 Nf6 3.g3 e6 4.Bg2 d5 5.Nf3 Bd6 6.O-O O-O 7.b3 c6 8.Ba3 a5 9.
Bxd6 Qxd6 10.Nc3 Nbd7 11.e3 b6 12.Rc1 Ba6 13.Na4 Ne4 14.Qc2 Rac8 15.Rfd1 
Qb8 16.Nd2 Kh8 17.Bf1 Bb7 18.a3 c5 19.Nxe4 fxe4 20.dxc5 bxc5 21.Nc3 Ne5 
22.cxd5 Nf3+ 23.Kh1 exd5 24.Nxd5 Qe5 25.Nf4 Qg5 26.Bg2 Qh6 27.h3 Ng5 28.h4
Nf3 29.Bxf3 exf3 30.Rd7 Rxf4 31.exf4 Qe6 32.f5 Qxd7 33.Rd1 Qe7 34.Kh2 Qe2 
35.Qxe2 fxe2 36.Re1 Bf3 37.h5 Rd8 0-1

[Event "Harplinge Mini Open"]
[Site "Tylosand"]
[Date "2016.05.07"]
[Round "8.1"]
[White "Nielsen, Tim"]
[Black "Wernberg, Hugo"]
[Result "1/2-1/2"]
[WhiteElo "1585"]
[BlackElo "1438"]

1.e4 c5 2.Nf3 d6 3.c3 Nf6 4.Qc2 e6 5.d4 cxd4 6.Nxd4 Nc6 7.Bg5 Be7 8.Nd2 
Bd7 9.Bd3 Rc8 10.Nxc6 Bxc6 11.O-O e5 12.Rfe1 Nh5 13.Bxe7 Qxe7 14.g3 Nf6 
15.Rad1 O-O 16.Nc4 Rfd8 17.Rd2 Rd7 18.Na5 a6 19.Nxc6 Rxc6 20.Bf1 Qe6 21.
Qb3 Qxb3 22.axb3 Rd8 23.f3 h6 24.Ra1 Rc7 25.b4 Kf8 26.b5 axb5 27.Bxb5 Ke7 
28.c4 Nd7 29.Bxd7 Rdxd7 30.b3 Rd8 31.Kf2 Kd7 32.Rd5 Rc5 33.Ke3 Rxd5 34.
cxd5 Kc7 35.Ra4 Kb8 36.Rc4 Rc8 1/2-1/2

[Event "Harplinge Mini Open"]
[Site "Tylosand"]
[Date "2016.05.07"]
[Round "8.2"]
[White "Ivarsson, Sebastian"]
[Black "Jonsson, Filip"]
[Result "1-0"]
[WhiteElo "1368"]
[BlackElo "1421"]

1.e4 e6 2.d4 d5 3.exd5 exd5 4.Nc3 Nf6 5.Nf3 Be7 6.Bd3 O-O 7.O-O Bg4 8.h3 
Bh5 9.Be2 c5 10.Be3 Nbd7 11.Re1 Qb6 12.Rb1 Rac8 13.a3 Bg6 14.Bd3 Bxd3 15.
Qxd3 cxd4 16.Bxd4 Bc5 17.Re2 Bxd4 18.Qxd4 Qxd4 19.Nxd4 Nc5 20.f3 Rfe8 21.
Rbe1 Kf8 22.Nf5 Re6 23.Nd4 Ree8 24.Ndb5 Rxe2 25.Rxe2 a6 26.Nd4 Ncd7 27.Nf5
Nb6 28.Re7 Nc4 29.Rxb7 g6 30.Ne7 Rc5 31.b4 Nd6 32.Rb8+ Kxe7 33.bxc5 1-0

[Event "Harplinge Mini Open"]
[Site "Tylosand"]
[Date "2016.05.07"]
[Round "8.3"]
[White "Bensryd, Hampus"]
[Black "Dingertz, Erik"]
[Result "1-0"]
[WhiteElo "1480"]
[BlackElo "1303"]

1.e4 e5 2.Nf3 Nc6 3.Bc4 Bc5 4.c3 Nf6 5.d3 h6 6.O-O d6 7.Nbd2 Bg4 8.h3 Bh5 
9.Re1 O-O 10.Nf1 Re8 11.Ng3 Bg6 12.Be3 Bb6 13.Nh4 Bh7 14.Nhf5 Ne7 15.Qf3 
Qd7 16.Nxh6+ Kf8 17.Bxf7 Red8 18.Bb3 Ng8 19.Ng4 Ke8 20.Nxf6+ Nxf6 21.Bg5 
Ke7 22.Nf5+ Bxf5 23.Qxf5 Qxf5 24.exf5 Rf8 25.d4 Kd7 26.dxe5 Nh7 27.Be6+ 
Ke8 28.Bh4 dxe5 29.Rxe5 Rd8 30.Bb3+ Kd7 31.Rd1+ Kc8 32.Be6+ Kb8 33.Rxd8+ 
Rxd8 34.Bxd8 1-0

[Event "Harplinge Mini Open"]
[Site "Tylosand"]
[Date "2016.05.07"]
[Round "8.4"]
[White "Sadiku, Lorik"]
[Black "Filipsson, Marcus"]
[Result "1-0"]
[WhiteElo "1463"]
[BlackElo "1350"]

1.d4 Nc6 2.c4 e6 3.Nc3 Nf6 4.Bf4 Bb4 5.a3 Bxc3+ 6.bxc3 Ne4 7.Qc2 d5 8.e3 
O-O 9.Bd3 Re8 10.Bxe4 dxe4 11.Qxe4 e5 12.dxe5 g6 13.Nf3 Bf5 14.Qd5 Qxd5 
15.cxd5 Na5 16.O-O Nb3 17.Ra2 Red8 18.d6 cxd6 19.exd6 Rac8 20.Be5 Nc5 21.
Nd4 Nd3 22.Nxf5 Nxe5 23.Ne7+ Kf8 24.Nxc8 Rxc8 25.f4 Nd7 26.Rb2 b6 27.Rc1 
Rc4 28.Rb4 Rc5 29.a4 Rd5 30.Rd4 Rh5 31.Re4 f5 32.Re7 Nf6 33.Rd1 g5 34.d7 
Nxd7 35.Rdxd7 gxf4 36.exf4 Rh6 37.Rxh7 1-0

[Event "Harplinge Mini Open"]
[Site "Tylosand"]
[Date "2016.05.07"]
[Round "8.5"]
[White "Norrman, Johannes"]
[Black "Fakhr Eldin, Majed"]
[Result "1-0"]
[WhiteElo "1561"]
[BlackElo "1330"]

1.e4 c5 2.c3 Nf6 3.e5 Nd5 4.d4 Nc6 5.Nf3 e6 6.Bc4 Nb6 7.Bb3 c4 8.Bc2 d5 9.
O-O Nd7 10.Re1 b5 11.Bf4 b4 12.Nbd2 Qa5 13.Ba4 bxc3 14.Bxc6 cxd2 15.Bxd2 
Qc7 16.Bxa8 Nb6 17.Ba5 Qb8 18.Bxb6 Qxb6 19.b3 cxb3 20.Qxb3 Qc7 21.Rac1 Qd8
22.Bc6+ Bd7 23.Bxd7+ Qxd7 24.Qb8+ Qd8 25.Rc8 1-0

[Event "Harplinge Mini Open"]
[Site "Tylosand"]
[Date "2016.05.07"]
[Round "8.6"]
[White "Sixt, Ylva"]
[Black "Nilsson, Gert"]
[Result "1-0"]
[WhiteElo "1068"]
[BlackElo "1538"]

1.e4 e5 2.Nf3 Nc6 3.Bb5 Nf6 4.Nc3 a6 5.Ba4 Be7 6.d3 b5 7.Bb3 O-O 8.O-O Bb7
9.Be3 d6 10.Ne2 Na5 11.Ng3 Nxb3 12.axb3 Bc8 13.h3 Ne8 14.Qd2 f5 15.Bg5 f4 
16.Bxe7 Qxe7 17.Ne2 c5 18.c3 Be6 19.b4 Nc7 20.bxc5 dxc5 21.Nxe5 Bxh3 22.
Nf3 Bg4 23.Nh2 Bxe2 24.Qxe2 Rf6 25.Qf3 Raf8 26.Rfe1 Re6 27.d4 cxd4 28.cxd4
h6 29.Rad1 Nd5 30.e5 Nb6 31.Qe4 Nd7 32.Nf3 g5 33.d5 Rb6 34.d6 Qd8 35.Qg6+ 
Kh8 36.Qxh6+ Kg8 37.Nxg5 Nf6 38.Qg6+ Kh8 39.exf6 Qd7 40.f7 1-0